| 000 | 00661cam a2200217 4500 | ||
|---|---|---|---|
| 001 | J36 | ||
| 008 | 090401t1981 xxu||||| |||| 00| 0 eng d | ||
| 035 | _a(Sirsi) u37781 | ||
| 041 | _aeng | ||
| 050 | _a692.8 | ||
| 090 | _aJCT 1981/8AC | ||
| 110 |
_aJoint Contracts Tribunal _93664 |
||
| 245 | _aStandard form of building contract 1980 edition. Practice Note 8 Finance (No.2) Act 1975 - statutory tax deduction scheme clause 31. | ||
| 260 |
_aLondon _bRIBA Publications Ltd. _c1981 |
||
| 300 | _a6p. ; 30cm. | ||
| 350 | _a0 | ||
| 490 |
_aJCT Practice Note _v8 |
||
| 650 | _aBUILT ENVIRONMENT-BUILDING CONTRACT FORMS | ||
| 942 | _n0 | ||
| 948 | _c04/03/1997 | ||
| 999 |
_c90551 _d90551 |
||